Score 0/16 Timer 05:00
1 Play Today
% Correct
The Simpsons
99.8%
Family Guy
89.2%
The Flintstones
88.2%
Everybody Loves Raymond
87.5%
The Addams Family
85.6%
I Love Lucy
81.8%
Modern Family
81.3%
Leave it to Beaver
79.4%
% Correct
Breaking Bad
73.9%
The Jetsons
69.8%
That '70s Show
68.8%
Married... with Children
68%
King of the Hill
59.3%
Arrested Development
56.2%
South Park
37%
The Jeffersons
33.5%
Come Together.
Have Fun.
All Virtual.
We all need to come together. Play Sporcle's virtual live trivia to have fun, connect with people, and get your trivia on. Join a live hosted trivia game for your favorite pub trivia experience done virtually. If a virtual private party is more your thing, go here for details.

You're not logged in!

Compare scores with friends on all Sporcle quizzes.
OR
Log In

Sporcle TV

Today on Sporcle TV


Watch our educational content, quiz creation guides, and fun videos on Sporcle TV.

Show Comments

Extras

Top Quizzes Today


Score Distribution

Paid Content

Your Account Isn't Verified!

In order to create a playlist on Sporcle, you need to verify the email address you used during registration. Go to your Sporcle Settings to finish the process.

Report this User

Report this user for behavior that violates our Community Guidelines.

Details: